[Event "45th FIDE Chess Olympiad Open"]
[Site "Budapest, Hungary"]
[Date "2024.09.21"]
[Round "10"]
[White "Coppola, Claudio"]
[Black "Meylan, Andre"]
[Result "1-0"]
[Board "152"]
[WhiteFideId "3001717"]
[BlackFideId "1301225"]
[WhiteTitle "IM"]
[WhiteElo "2286"]
[BlackElo "2165"]
[WhiteTeam "Uruguay"]
[BlackTeam "Monaco"]
[WhiteClock "0:02:37"]
[BlackClock "0:05:29"]
[Variant "Standard"]

1. d4 {[%clk 1:30:58]}  e6 {[%clk 1:30:53]} 2. c4 {[%clk 1:31:25]}  Nf6 {[%clk 1:31:10]} 3. g3 {[%clk 1:31:52]}  d5 {[%clk 1:30:45]} 4. Bg2 {[%clk 1:32:18]}  Be7 {[%clk 1:30:14]} 5. Nf3 {[%clk 1:32:42]}  O-O {[%clk 1:30:39]} 6. O-O {[%clk 1:33:09]}  dxc4 {[%clk 1:30:37]} 7. Qc2 {[%clk 1:32:59]}  a6 {[%clk 1:30:34]} 8. Qxc4 {[%clk 1:33:09]}  b5 {[%clk 1:30:40]} 9. Qc2 {[%clk 1:33:37]}  Bb7 {[%clk 1:30:28]} 10. Bd2 {[%clk 1:34:04]}  Be4 {[%clk 1:28:25]} 11. Qc1 {[%clk 1:34:14]}  Bb7 {[%clk 1:28:46]} 12. Rd1 {[%clk 1:26:31]}  Nbd7 {[%clk 1:26:37]} 13. Ba5 {[%clk 1:25:56]}  Rc8 {[%clk 1:26:24]} 14. Nbd2 {[%clk 1:12:07]}  Qe8 {[%clk 1:22:33]} 15. b4 {[%clk 1:11:46]}  Nb8 {[%clk 1:11:48]} 16. Ne5 {[%clk 1:03:49]}  Bxg2 {[%clk 0:59:25]} 17. Kxg2 {[%clk 1:04:17]}  Nd5 {[%clk 0:59:38]} 18. a3 {[%clk 1:01:39]}  Bd6 {[%clk 0:58:17]} 19. Ndf3 {[%clk 0:58:15]}  f6 {[%clk 0:50:54]} 20. Nd3 {[%clk 0:58:22]}  f5 {[%clk 0:51:21]} 21. Nc5 {[%clk 0:53:47]}  Nb6 {[%clk 0:46:56]} 22. Nb3 {[%clk 0:36:22]}  Nd5 {[%clk 0:39:51]} 23. Qc2 {[%clk 0:33:15]}  Rf6 {[%clk 0:39:10]} 24. Qd2 {[%clk 0:14:12]}  Qh5 {[%clk 0:37:22]} 25. Ne5 {[%clk 0:09:18]}  f4 {[%clk 0:33:53]} 26. g4 {[%clk 0:08:21]}  Qh4 {[%clk 0:33:28]} 27. Nf3 {[%clk 0:06:00]}  Qxg4+ {[%clk 0:25:23]} 28. Kh1 {[%clk 0:06:28]}  Qh5 {[%clk 0:25:42]} 29. Rg1 {[%clk 0:05:10]}  Rg6 {[%clk 0:26:09]} 30. Qc2 {[%clk 0:03:43]}  Nf6 {[%clk 0:20:08]} 31. Rxg6 {[%clk 0:02:00]}  hxg6 {[%clk 0:20:36]} 32. Rg1 {[%clk 0:01:38]}  Ng4 {[%clk 0:21:03]} 33. Rg2 {[%clk 0:01:19]}  Kf7 {[%clk 0:21:31]} 34. Nbd2 {[%clk 0:01:08]}  Qf5 {[%clk 0:10:47]} 35. Ne4 {[%clk 0:01:26]}  Be7 {[%clk 0:11:16]} 36. Rxg4 {[%clk 0:01:29]}  Nd7 {[%clk 0:09:44]} 37. Qc6 {[%clk 0:00:54]}  Nf6 {[%clk 0:06:33]} 38. Nxf6 {[%clk 0:00:51]}  gxf6 {[%clk 0:06:54]} 39. Rg1 {[%clk 0:01:00]}  g5 {[%clk 0:07:16]} 40. Qxa6 {[%clk 0:00:54]}  Rh8 {[%clk 0:06:49]} 41. Qb7 {[%clk 0:17:20]}  g4 {[%clk 0:36:55]} 42. Bxc7 {[%clk 0:17:26]}  gxf3 {[%clk 0:26:42]} 43. Qxf3 {[%clk 0:17:54]}  Rh3 {[%clk 0:26:57]} 44. Qg2 {[%clk 0:12:31]}  Qh7 {[%clk 0:26:57]} 45. d5 {[%clk 0:12:14]}  Rh5 {[%clk 0:17:27]} 46. dxe6+ {[%clk 0:10:32]}  Kxe6 {[%clk 0:17:37]} 47. Bxf4 {[%clk 0:09:59]}  Kf7 {[%clk 0:16:15]} 48. Qf3 {[%clk 0:08:04]}  Qf5 {[%clk 0:14:08]} 49. Qg2 {[%clk 0:04:52]}  Qh7 {[%clk 0:13:51]} 50. f3 {[%clk 0:04:04]}  Rh4 {[%clk 0:13:51]} 51. e3 {[%clk 0:04:21]}  Kf8 {[%clk 0:11:23]} 52. Rc1 {[%clk 0:03:41]}  Qf5 {[%clk 0:11:49]} 53. Qa2 {[%clk 0:01:42]}  Rh8 {[%clk 0:10:07]} 54. Rg1 {[%clk 0:01:25]}  Qh3 {[%clk 0:07:47]} 55. Qd5 {[%clk 0:01:36]}  Ke8 {[%clk 0:07:04]} 56. Qxb5+ {[%clk 0:02:03]}  Kf8 {[%clk 0:06:05]} 57. Qd5 {[%clk 0:02:27]}  Ke8 {[%clk 0:06:18]} 58. Qe4 {[%clk 0:01:47]}  Kf8 {[%clk 0:05:56]} 59. Bg3 {[%clk 0:01:42]}  Rg8 {[%clk 0:05:53]} 60. a4 {[%clk 0:01:23]}  Qd7 {[%clk 0:05:14]} 61. b5 {[%clk 0:01:06]}  Bc5 {[%clk 0:05:40]} 62. Rc1 {[%clk 0:00:42]}  Qd2 {[%clk 0:04:11]} 63. Rxc5 {[%clk 0:00:41]}  Qd1+ {[%clk 0:04:15]} 64. Kg2 {[%clk 0:01:07]}  Qe2+ {[%clk 0:04:39]} 65. Kh3 {[%clk 0:00:57]}  Rh8+ {[%clk 0:03:45]} 66. Kg4 {[%clk 0:01:02]}  Rg8+ {[%clk 0:04:10]} 67. Kf4 {[%clk 0:01:18]}  Qa2 {[%clk 0:04:00]} 68. Qc4 {[%clk 0:01:16]}  Qb2 {[%clk 0:03:43]} 69. Rc8+ {[%clk 0:01:25]}  Ke7 {[%clk 0:04:08]} 70. Rxg8 {[%clk 0:01:24]}  Qe5+ {[%clk 0:04:31]} 71. Kg4 {[%clk 0:01:48]}  f5+ {[%clk 0:04:55]} 72. Kh3 {[%clk 0:01:59]}  f4 {[%clk 0:05:19]} 73. Bh4+ {[%clk 0:02:13]}  Kd7 {[%clk 0:05:29]} 74. Rd8# {[%clk 0:02:37]} 1-0

[Event "45th FIDE Chess Olympiad Open"]
[Site "Budapest, Hungary"]
[Date "2024.09.21"]
[Round "10"]
[White "Khusenkhojaev, Mustafokhuja"]
[Black "Kulaots, Kaido"]
[Result "1/2-1/2"]
[Board "153"]
[WhiteFideId "14700727"]
[BlackFideId "4500261"]
[WhiteTitle "FM"]
[BlackTitle "GM"]
[WhiteElo "2283"]
[BlackElo "2506"]
[WhiteTeam "Tajikistan"]
[BlackTeam "Estonia"]
[WhiteClock "1:17:51"]
[BlackClock "0:26:58"]
[Variant "Standard"]

1. d4 {[%clk 1:30:57]}  Nf6 {[%clk 1:30:58]} 2. c4 {[%clk 1:31:15]}  g6 {[%clk 1:31:24]} 3. Nc3 {[%clk 1:31:25]}  d5 {[%clk 1:30:27]} 4. cxd5 {[%clk 1:31:02]}  Nxd5 {[%clk 1:28:10]} 5. e4 {[%clk 1:31:13]}  Nxc3 {[%clk 1:28:35]} 6. bxc3 {[%clk 1:31:28]}  Bg7 {[%clk 1:27:31]} 7. Nf3 {[%clk 1:31:16]}  c5 {[%clk 1:25:50]} 8. Rb1 {[%clk 1:29:25]}  O-O {[%clk 1:24:09]} 9. Be2 {[%clk 1:29:48]}  cxd4 {[%clk 1:22:31]} 10. cxd4 {[%clk 1:29:19]}  Qa5+ {[%clk 1:22:54]} 11. Bd2 {[%clk 1:29:16]}  Qxa2 {[%clk 1:23:18]} 12. O-O {[%clk 1:29:35]}  Bg4 {[%clk 1:20:50]} 13. Rxb7 {[%clk 1:28:51]}  Bxf3 {[%clk 1:15:34]} 14. Bxf3 {[%clk 1:29:02]}  Bxd4 {[%clk 1:15:48]} 15. Bb4 {[%clk 1:29:15]}  Rd8 {[%clk 1:07:02]} 16. Qc1 {[%clk 1:29:29]}  Na6 {[%clk 1:05:57]} 17. Bxe7 {[%clk 1:28:56]}  Rac8 {[%clk 1:05:06]} 18. Qf4 {[%clk 1:28:43]}  Nc5 {[%clk 1:02:26]} 19. Bxd8 {[%clk 1:28:39]}  Nxb7 {[%clk 1:02:47]} 20. Bf6 {[%clk 1:28:58]}  Bxf6 {[%clk 1:02:03]} 21. Qxf6 {[%clk 1:29:20]}  Nc5 {[%clk 0:53:28]} 22. h4 {[%clk 1:23:48]}  Qe6 {[%clk 0:47:56]} 23. Qxe6 {[%clk 1:23:40]}  Nxe6 {[%clk 0:48:06]} 24. Ra1 {[%clk 1:24:04]}  Rc7 {[%clk 0:47:31]} 25. Kh2 {[%clk 1:22:08]}  Kg7 {[%clk 0:46:18]} 26. Kg3 {[%clk 1:22:16]}  Kf6 {[%clk 0:40:44]} 27. Bg4 {[%clk 1:20:26]}  Nc5 {[%clk 0:32:13]} 28. Kf4 {[%clk 1:19:49]}  Re7 {[%clk 0:32:19]} 29. f3 {[%clk 1:18:42]}  h5 {[%clk 0:27:24]} 30. Bh3 {[%clk 1:18:52]}  Rc7 {[%clk 0:27:07]} 31. Ra3 {[%clk 1:18:35]}  Rb7 {[%clk 0:26:57]} 32. Bc8 {[%clk 1:16:53]}  Rc7 {[%clk 0:26:59]} 33. Bh3 {[%clk 1:17:16]}  Rb7 {[%clk 0:26:47]} 34. Bc8 {[%clk 1:17:26]}  Rc7 {[%clk 0:26:58]} 35. Bh3 {[%clk 1:17:51]} 1/2-1/2

[Event "45th FIDE Chess Olympiad Open"]
[Site "Budapest, Hungary"]
[Date "2024.09.21"]
[Round "10"]
[White "Volodin, Aleksandr"]
[Black "Karimov, Alisher"]
[Result "1-0"]
[Board "154"]
[WhiteFideId "4501950"]
[BlackFideId "14700280"]
[WhiteTitle "GM"]
[BlackTitle "FM"]
[WhiteElo "2457"]
[BlackElo "2240"]
[WhiteTeam "Estonia"]
[BlackTeam "Tajikistan"]
[WhiteClock "0:11:04"]
[BlackClock "0:01:17"]
[Variant "Standard"]

1. d4 {[%clk 1:30:56]}  Nf6 {[%clk 1:30:54]} 2. c4 {[%clk 1:31:21]}  e6 {[%clk 1:31:19]} 3. Nf3 {[%clk 1:31:47]}  b6 {[%clk 1:31:25]} 4. g3 {[%clk 1:32:13]}  Ba6 {[%clk 1:31:46]} 5. b3 {[%clk 1:32:39]}  b5 {[%clk 1:32:06]} 6. cxb5 {[%clk 1:25:20]}  Bxb5 {[%clk 1:32:29]} 7. Bg2 {[%clk 1:25:26]}  d5 {[%clk 1:32:53]} 8. Qc2 {[%clk 1:21:36]}  Nbd7 {[%clk 1:32:24]} 9. Ba3 {[%clk 1:18:06]}  Bd6 {[%clk 1:30:46]} 10. O-O {[%clk 1:14:57]}  O-O {[%clk 1:30:11]} 11. Bc5 {[%clk 1:03:33]}  Ne4 {[%clk 1:24:46]} 12. a4 {[%clk 0:59:53]}  Ba6 {[%clk 1:18:17]} 13. b4 {[%clk 1:00:18]}  Bxc5 {[%clk 1:08:06]} 14. dxc5 {[%clk 0:57:35]}  Qf6 {[%clk 1:08:20]} 15. Ra3 {[%clk 0:47:44]}  c6 {[%clk 1:04:57]} 16. Nbd2 {[%clk 0:45:27]}  Nxd2 {[%clk 1:02:48]} 17. Qxd2 {[%clk 0:45:52]}  Bc4 {[%clk 1:00:07]} 18. Nd4 {[%clk 0:40:29]}  a5 {[%clk 0:45:29]} 19. Nxc6 {[%clk 0:35:34]}  axb4 {[%clk 0:45:20]} 20. Qxb4 {[%clk 0:34:47]}  Bxe2 {[%clk 0:25:41]} 21. Rc1 {[%clk 0:35:04]}  Bc4 {[%clk 0:22:57]} 22. h4 {[%clk 0:25:25]}  Rac8 {[%clk 0:07:23]} 23. Rf3 {[%clk 0:24:55]}  Qh6 {[%clk 0:07:48]} 24. Ne7+ {[%clk 0:20:46]}  Kh8 {[%clk 0:08:17]} 25. Rfc3 {[%clk 0:18:56]}  Rxc5 {[%clk 0:06:34]} 26. Qb7 {[%clk 0:18:41]}  Ne5 {[%clk 0:05:22]} 27. f4 {[%clk 0:18:08]}  d4 {[%clk 0:03:02]} 28. Qb4 {[%clk 0:16:47]}  dxc3 {[%clk 0:01:08]} 29. Qxc5 {[%clk 0:17:07]}  Nd3 {[%clk 0:00:33]} 30. Ng6+ {[%clk 0:16:41]}  hxg6 {[%clk 0:01:01]} 31. Qxf8+ {[%clk 0:17:06]}  Kh7 {[%clk 0:01:29]} 32. Rxc3 {[%clk 0:17:26]}  Qh5 {[%clk 0:00:57]} 33. Rxc4 {[%clk 0:17:13]}  Qd1+ {[%clk 0:00:45]} 34. Kh2 {[%clk 0:16:30]}  Nf2 {[%clk 0:00:54]} 35. f5 {[%clk 0:16:09]}  gxf5 {[%clk 0:00:34]} 36. Qxf7 {[%clk 0:13:41]}  Ng4+ {[%clk 0:00:39]} 37. Rxg4 {[%clk 0:14:06]}  Qxg4 {[%clk 0:00:55]} 38. Qxe6 {[%clk 0:13:37]}  Qxa4 {[%clk 0:00:32]} 39. Qxf5+ {[%clk 0:14:02]}  g6 {[%clk 0:00:56]} 40. Qf7+ {[%clk 0:14:22]}  Kh6 {[%clk 0:01:17]} 41. Qf4+ {[%clk 0:11:04]} 1-0

[Event "45th FIDE Chess Olympiad Open"]
[Site "Budapest, Hungary"]
[Date "2024.09.21"]
[Round "10"]
[White "Ilkhomi, Jaloliddin"]
[Black "Seeman, Tarvo"]
[Result "1/2-1/2"]
[Board "155"]
[WhiteFideId "14700948"]
[BlackFideId "4500547"]
[WhiteTitle "FM"]
[BlackTitle "IM"]
[WhiteElo "2227"]
[BlackElo "2375"]
[WhiteTeam "Tajikistan"]
[BlackTeam "Estonia"]
[WhiteClock "0:09:48"]
[BlackClock "0:08:52"]
[Variant "Standard"]

1. Nf3 {[%clk 1:30:57]}  g6 {[%clk 1:30:51]} 2. d4 {[%clk 1:30:05]}  Bg7 {[%clk 1:31:14]} 3. c4 {[%clk 1:30:33]}  d6 {[%clk 1:31:25]} 4. Nc3 {[%clk 1:30:58]}  Nf6 {[%clk 1:31:47]} 5. e4 {[%clk 1:30:36]}  O-O {[%clk 1:31:55]} 6. Be2 {[%clk 1:31:00]}  Na6 {[%clk 1:32:19]} 7. O-O {[%clk 1:31:24]}  e5 {[%clk 1:32:46]} 8. Re1 {[%clk 1:28:01]}  Bg4 {[%clk 1:32:17]} 9. Bg5 {[%clk 1:26:43]}  h6 {[%clk 1:10:31]} 10. Be3 {[%clk 1:26:27]}  c6 {[%clk 0:50:50]} 11. d5 {[%clk 1:26:09]}  c5 {[%clk 0:50:37]} 12. h3 {[%clk 1:25:25]}  Bd7 {[%clk 0:50:55]} 13. a3 {[%clk 1:16:34]}  Qe7 {[%clk 0:46:37]} 14. Rb1 {[%clk 1:15:42]}  b6 {[%clk 0:44:38]} 15. b4 {[%clk 1:13:30]}  Rfc8 {[%clk 0:43:03]} 16. Qd2 {[%clk 0:51:37]}  Kh7 {[%clk 0:43:04]} 17. Nh2 {[%clk 0:35:46]}  Re8 {[%clk 0:37:22]} 18. bxc5 {[%clk 0:35:01]}  Nxc5 {[%clk 0:37:38]} 19. Bxc5 {[%clk 0:35:16]}  bxc5 {[%clk 0:37:53]} 20. Rb7 {[%clk 0:35:00]}  h5 {[%clk 0:32:40]} 21. Reb1 {[%clk 0:30:08]}  Bh6 {[%clk 0:32:26]} 22. Qd3 {[%clk 0:30:36]}  Qf8 {[%clk 0:28:37]} 23. R1b3 {[%clk 0:23:37]}  Reb8 {[%clk 0:23:33]} 24. Nf3 {[%clk 0:22:11]}  Kg7 {[%clk 0:21:35]} 25. Qb1 {[%clk 0:21:35]}  Rxb7 {[%clk 0:21:48]} 26. Rxb7 {[%clk 0:22:03]}  Qd8 {[%clk 0:21:16]} 27. Nb5 {[%clk 0:19:40]}  Bxb5 {[%clk 0:19:57]} 28. Rxb5 {[%clk 0:19:49]}  Nd7 {[%clk 0:18:34]} 29. Bd1 {[%clk 0:18:51]}  Rb8 {[%clk 0:18:34]} 30. Rxb8 {[%clk 0:17:00]}  Qxb8 {[%clk 0:15:26]} 31. Qxb8 {[%clk 0:17:01]}  Nxb8 {[%clk 0:15:51]} 32. Ne1 {[%clk 0:16:56]}  Bc1 {[%clk 0:12:55]} 33. a4 {[%clk 0:16:20]}  Na6 {[%clk 0:11:44]} 34. Nd3 {[%clk 0:16:42]}  Bd2 {[%clk 0:11:29]} 35. Kf1 {[%clk 0:17:04]}  Nb4 {[%clk 0:11:38]} 36. Nxb4 {[%clk 0:16:54]}  Bxb4 {[%clk 0:08:49]} 37. Ke2 {[%clk 0:10:05]}  Kf6 {[%clk 0:07:35]} 38. Kf3 {[%clk 0:10:17]}  Kg5 {[%clk 0:07:50]} 39. Bc2 {[%clk 0:08:41]}  Ba5 {[%clk 0:07:43]} 40. Bd3 {[%clk 0:08:57]}  Bb4 {[%clk 0:08:03]} 41. Bc2 {[%clk 0:09:21]}  Ba5 {[%clk 0:08:27]} 42. Bd3 {[%clk 0:09:48]}  Bb4 {[%clk 0:08:52]} 1/2-1/2

[Event "45th FIDE Chess Olympiad Open"]
[Site "Budapest, Hungary"]
[Date "2024.09.21"]
[Round "10"]
[White "Kanep, Meelis"]
[Black "Kabilov, Amin"]
[Result "1-0"]
[Board "156"]
[WhiteFideId "4501047"]
[BlackFideId "14700859"]
[WhiteTitle "GM"]
[BlackTitle "CM"]
[WhiteElo "2367"]
[BlackElo "2212"]
[WhiteTeam "Estonia"]
[BlackTeam "Tajikistan"]
[WhiteClock "0:08:04"]
[BlackClock "0:01:12"]
[Variant "Standard"]

1. d4 {[%clk 1:30:55]}  Nf6 {[%clk 1:30:46]} 2. c4 {[%clk 1:31:13]}  g6 {[%clk 1:30:47]} 3. Nc3 {[%clk 1:31:33]}  Bg7 {[%clk 1:30:47]} 4. e4 {[%clk 1:31:41]}  d6 {[%clk 1:30:28]} 5. f3 {[%clk 1:31:56]}  O-O {[%clk 1:30:40]} 6. Nge2 {[%clk 1:31:55]}  c5 {[%clk 1:30:52]} 7. Be3 {[%clk 1:31:33]}  Nc6 {[%clk 1:26:11]} 8. Qd2 {[%clk 1:31:01]}  Qa5 {[%clk 1:18:06]} 9. O-O-O {[%clk 1:27:27]}  h5 {[%clk 0:58:50]} 10. Kb1 {[%clk 1:20:54]}  cxd4 {[%clk 0:47:47]} 11. Nxd4 {[%clk 1:18:44]}  Bd7 {[%clk 0:45:35]} 12. Nb3 {[%clk 1:11:27]}  Qd8 {[%clk 0:39:19]} 13. c5 {[%clk 1:08:59]}  Be6 {[%clk 0:29:34]} 14. cxd6 {[%clk 1:05:36]}  exd6 {[%clk 0:30:00]} 15. Qxd6 {[%clk 1:02:54]}  Nd5 {[%clk 0:26:17]} 16. Rxd5 {[%clk 1:00:25]}  Qc8 {[%clk 0:20:06]} 17. Rd2 {[%clk 0:43:16]}  Rd8 {[%clk 0:15:37]} 18. Qc5 {[%clk 0:41:11]}  Rxd2 {[%clk 0:10:48]} 19. Bxd2 {[%clk 0:37:09]}  b6 {[%clk 0:07:48]} 20. Qe3 {[%clk 0:29:58]}  a5 {[%clk 0:07:31]} 21. Bb5 {[%clk 0:28:51]}  Nb4 {[%clk 0:07:03]} 22. Rc1 {[%clk 0:27:54]}  Qd8 {[%clk 0:07:28]} 23. Nd5 {[%clk 0:25:24]}  Nxd5 {[%clk 0:05:57]} 24. exd5 {[%clk 0:25:46]}  Bf5+ {[%clk 0:02:25]} 25. Ka1 {[%clk 0:18:21]}  a4 {[%clk 0:02:31]} 26. Bc6 {[%clk 0:17:48]}  Ra7 {[%clk 0:00:43]} 27. Nd4 {[%clk 0:17:23]}  Re7 {[%clk 0:00:43]} 28. Qf2 {[%clk 0:16:51]}  a3 {[%clk 0:01:02]} 29. Bc3 {[%clk 0:16:46]}  axb2+ {[%clk 0:00:50]} 30. Bxb2 {[%clk 0:15:12]}  Bd3 {[%clk 0:01:11]} 31. Qd2 {[%clk 0:13:57]}  Ba6 {[%clk 0:01:31]} 32. Re1 {[%clk 0:13:27]}  Bc4 {[%clk 0:00:42]} 33. Rxe7 {[%clk 0:12:20]}  Qxe7 {[%clk 0:01:08]} 34. Nb3 {[%clk 0:11:41]}  Bxb3 {[%clk 0:00:37]} 35. d6 {[%clk 0:08:51]}  Qe5 {[%clk 0:00:31]} 36. axb3 {[%clk 0:08:41]}  Qc5 {[%clk 0:00:42]} 37. d7 {[%clk 0:08:09]}  Qa3+ {[%clk 0:00:32]} 38. Kb1 {[%clk 0:08:32]}  Qxb3 {[%clk 0:00:44]} 39. d8=Q+ {[%clk 0:08:37]}  Kh7 {[%clk 0:01:02]} 40. Bd5 {[%clk 0:08:03]}  Qb5 {[%clk 0:01:20]} 41. Bxf7 {[%clk 0:07:33]}  Qf5+ {[%clk 0:01:36]} 42. Q2d3 {[%clk 0:07:45]}  Qxf7 {[%clk 0:01:12]} 43. Q8d7 {[%clk 0:08:04]} 1-0

[Event "45th FIDE Chess Olympiad Open"]
[Site "Budapest, Hungary"]
[Date "2024.09.21"]
[Round "10"]
[White "Henderson de La Fuente, Lance"]
[Black "Susilodinata, Andrean"]
[Result "1-0"]
[Board "157"]
[WhiteFideId "32096585"]
[BlackFideId "7101651"]
[WhiteTitle "GM"]
[BlackTitle "FM"]
[WhiteElo "2519"]
[BlackElo "2393"]
[WhiteTeam "Andorra"]
[BlackTeam "Indonesia"]
[WhiteClock "0:16:27"]
[BlackClock "0:06:30"]
[Variant "Standard"]

1. d4 {[%clk 1:30:33]}  d5 {[%clk 1:30:55]} 2. Nf3 {[%clk 1:30:41]}  Nf6 {[%clk 1:31:19]} 3. c4 {[%clk 1:30:25]}  e6 {[%clk 1:31:43]} 4. g3 {[%clk 1:30:14]}  Bb4+ {[%clk 1:31:59]} 5. Nbd2 {[%clk 1:28:49]}  O-O {[%clk 1:32:22]} 6. Bg2 {[%clk 1:28:54]}  b6 {[%clk 1:32:36]} 7. O-O {[%clk 1:28:09]}  Bb7 {[%clk 1:32:56]} 8. cxd5 {[%clk 1:21:56]}  Bxd5 {[%clk 1:32:35]} 9. a3 {[%clk 1:20:02]}  Be7 {[%clk 1:32:52]} 10. Qc2 {[%clk 1:15:57]}  a5 {[%clk 1:33:08]} 11. e4 {[%clk 1:13:07]}  Bb7 {[%clk 1:33:33]} 12. e5 {[%clk 1:08:14]}  Nd5 {[%clk 1:33:56]} 13. Qe4 {[%clk 1:05:05]}  c5 {[%clk 1:02:03]} 14. Qg4 {[%clk 1:04:06]}  g6 {[%clk 0:59:57]} 15. dxc5 {[%clk 0:54:56]}  h5 {[%clk 1:00:14]} 16. Qa4 {[%clk 0:53:05]}  Nd7 {[%clk 0:56:37]} 17. Ne4 {[%clk 0:49:52]}  Nxc5 {[%clk 0:48:33]} 18. Nxc5 {[%clk 0:50:16]}  Bxc5 {[%clk 0:49:00]} 19. Bh6 {[%clk 0:49:04]}  Re8 {[%clk 0:49:25]} 20. Rac1 {[%clk 0:47:32]}  Rc8 {[%clk 0:43:29]} 21. Bg5 {[%clk 0:46:08]}  Be7 {[%clk 0:43:27]} 22. h4 {[%clk 0:44:16]}  Rxc1 {[%clk 0:33:40]} 23. Rxc1 {[%clk 0:44:36]}  Qa8 {[%clk 0:28:19]} 24. Bxe7 {[%clk 0:40:40]}  Rxe7 {[%clk 0:28:16]} 25. Ng5 {[%clk 0:38:09]}  Qb8 {[%clk 0:27:25]} 26. Qd4 {[%clk 0:33:54]}  Rc7 {[%clk 0:27:45]} 27. Rxc7 {[%clk 0:30:59]}  Qxc7 {[%clk 0:27:11]} 28. Ne4 {[%clk 0:31:13]}  Bc6 {[%clk 0:15:57]} 29. Nd6 {[%clk 0:30:49]}  f5 {[%clk 0:10:51]} 30. Qc4 {[%clk 0:30:02]}  Qd7 {[%clk 0:10:32]} 31. Qa6 {[%clk 0:28:05]}  Qc7 {[%clk 0:09:52]} 32. Bxd5 {[%clk 0:19:27]}  Bxd5 {[%clk 0:10:17]} 33. Qc8+ {[%clk 0:19:47]}  Qxc8 {[%clk 0:10:43]} 34. Nxc8 {[%clk 0:20:14]}  Bb3 {[%clk 0:03:12]} 35. Nxb6 {[%clk 0:19:47]}  f4 {[%clk 0:03:32]} 36. gxf4 {[%clk 0:16:43]}  Kf7 {[%clk 0:03:58]} 37. Nd7 {[%clk 0:14:28]}  Ke7 {[%clk 0:03:41]} 38. Nc5 {[%clk 0:14:48]}  Bd5 {[%clk 0:03:39]} 39. Kf1 {[%clk 0:14:27]}  Kd8 {[%clk 0:04:00]} 40. Ke2 {[%clk 0:14:46]}  Kc7 {[%clk 0:04:29]} 41. Kd3 {[%clk 0:14:58]}  Kc6 {[%clk 0:04:58]} 42. Kd4 {[%clk 0:15:16]}  Kb5 {[%clk 0:05:02]} 43. Nd7 {[%clk 0:15:21]}  Kc6 {[%clk 0:04:24]} 44. Nf8 {[%clk 0:15:32]}  Bb3 {[%clk 0:04:41]} 45. Nxg6 {[%clk 0:15:44]}  Kd7 {[%clk 0:04:59]} 46. f5 {[%clk 0:16:01]}  exf5 {[%clk 0:05:15]} 47. Nf4 {[%clk 0:16:23]}  Bd1 {[%clk 0:05:39]} 48. Kc5 {[%clk 0:15:55]}  a4 {[%clk 0:06:04]} 49. e6+ {[%clk 0:16:02]}  Ke7 {[%clk 0:06:30]} 50. Kd5 {[%clk 0:16:27]} 1-0

[Event "45th FIDE Chess Olympiad Open"]
[Site "Budapest, Hungary"]
[Date "2024.09.21"]
[Round "10"]
[White "Cahaya, Satria Duta"]
[Black "Fluvia Poyatos, Jordi"]
[Result "1-0"]
[Board "158"]
[WhiteFideId "7124252"]
[BlackFideId "2214334"]
[WhiteTitle "FM"]
[BlackTitle "IM"]
[WhiteElo "2219"]
[BlackElo "2438"]
[WhiteTeam "Indonesia"]
[BlackTeam "Andorra"]
[WhiteClock "0:51:24"]
[BlackClock "0:20:04"]
[Variant "Standard"]

1. e4 {[%clk 1:30:55]}  c6 {[%clk 1:30:51]} 2. d4 {[%clk 1:31:12]}  d5 {[%clk 1:31:10]} 3. Nc3 {[%clk 1:31:34]}  dxe4 {[%clk 1:31:11]} 4. Nxe4 {[%clk 1:31:57]}  Nf6 {[%clk 1:30:35]} 5. Nxf6+ {[%clk 1:32:12]}  exf6 {[%clk 1:30:52]} 6. c3 {[%clk 1:32:33]}  Bd6 {[%clk 1:30:46]} 7. Bd3 {[%clk 1:32:55]}  O-O {[%clk 1:30:42]} 8. Qc2 {[%clk 1:32:31]}  Re8+ {[%clk 1:30:43]} 9. Ne2 {[%clk 1:32:39]}  h5 {[%clk 1:30:20]} 10. O-O {[%clk 1:31:03]}  h4 {[%clk 1:29:55]} 11. Bf4 {[%clk 1:30:09]}  Na6 {[%clk 1:28:04]} 12. Bxd6 {[%clk 1:24:51]}  Qxd6 {[%clk 1:28:29]} 13. h3 {[%clk 1:23:38]}  Nc7 {[%clk 1:26:29]} 14. Qd2 {[%clk 1:19:34]}  Ne6 {[%clk 1:18:41]} 15. f4 {[%clk 1:10:43]}  Nc7 {[%clk 0:34:15]} 16. f5 {[%clk 1:05:19]}  Nd5 {[%clk 0:34:39]} 17. c4 {[%clk 1:03:22]}  Qb4 {[%clk 0:32:32]} 18. Nc3 {[%clk 0:56:52]}  Nxc3 {[%clk 0:27:51]} 19. bxc3 {[%clk 0:57:07]}  Qa5 {[%clk 0:24:05]} 20. Rf4 {[%clk 0:54:12]}  c5 {[%clk 0:20:48]} 21. Rg4 {[%clk 0:52:11]}  g5 {[%clk 0:20:04]} 22. fxg6 {[%clk 0:51:24]} 1-0

[Event "45th FIDE Chess Olympiad Open"]
[Site "Budapest, Hungary"]
[Date "2024.09.21"]
[Round "10"]
[White "Ribera Veganzones, Serni"]
[Black "Ulhaq, Zacky Dhia"]
[Result "1-0"]
[Board "159"]
[WhiteFideId "6900860"]
[BlackFideId "7125674"]
[WhiteTitle "FM"]
[WhiteElo "2309"]
[BlackElo "2203"]
[WhiteTeam "Andorra"]
[BlackTeam "Indonesia"]
[WhiteClock "0:17:20"]
[BlackClock "0:18:42"]
[Variant "Standard"]

1. e4 {[%clk 1:30:57]}  e5 {[%clk 1:30:49]} 2. Nf3 {[%clk 1:31:13]}  Nc6 {[%clk 1:31:13]} 3. Bb5 {[%clk 1:31:36]}  a6 {[%clk 1:31:31]} 4. Ba4 {[%clk 1:31:56]}  Nf6 {[%clk 1:31:53]} 5. O-O {[%clk 1:32:14]}  Be7 {[%clk 1:32:15]} 6. Re1 {[%clk 1:32:34]}  b5 {[%clk 1:32:38]} 7. Bb3 {[%clk 1:32:59]}  O-O {[%clk 1:31:43]} 8. a4 {[%clk 1:33:16]}  d5 {[%clk 1:31:11]} 9. exd5 {[%clk 1:23:43]}  Na5 {[%clk 1:31:35]} 10. Ba2 {[%clk 1:17:47]}  e4 {[%clk 1:31:48]} 11. Ne5 {[%clk 1:16:41]}  c5 {[%clk 1:32:00]} 12. dxc6 {[%clk 1:01:07]}  Qd4 {[%clk 1:30:05]} 13. Nd7 {[%clk 0:59:55]}  Bxd7 {[%clk 1:29:55]} 14. cxd7 {[%clk 0:55:38]}  Bc5 {[%clk 1:29:26]} 15. Rf1 {[%clk 0:54:34]}  b4 {[%clk 1:20:43]} 16. c3 {[%clk 0:46:20]}  Qxd7 {[%clk 1:16:30]} 17. cxb4 {[%clk 0:46:10]}  Bxb4 {[%clk 1:16:50]} 18. Nc3 {[%clk 0:46:32]}  Rfe8 {[%clk 1:12:15]} 19. f3 {[%clk 0:40:23]}  exf3 {[%clk 0:29:53]} 20. Qxf3 {[%clk 0:39:54]}  Nc6 {[%clk 0:29:23]} 21. Nd5 {[%clk 0:38:33]}  Bc5+ {[%clk 0:25:52]} 22. Kh1 {[%clk 0:36:53]}  Ne4 {[%clk 0:23:23]} 23. Ne3 {[%clk 0:30:05]}  Ra7 {[%clk 0:07:45]} 24. d3 {[%clk 0:24:13]}  Nf6 {[%clk 0:03:20]} 25. Nf5 {[%clk 0:17:22]}  Ne5 {[%clk 0:01:20]} 26. Qg3 {[%clk 0:16:04]}  Ng6 {[%clk 0:00:59]} 27. Nh6+ {[%clk 0:10:21]}  gxh6 {[%clk 0:01:00]} 28. Rxf6 {[%clk 0:10:45]}  Qd4 {[%clk 0:01:04]} 29. Rf1 {[%clk 0:10:10]}  Bd6 {[%clk 0:00:43]} 30. Qf3 {[%clk 0:08:37]}  Qe5 {[%clk 0:00:47]} 31. g3 {[%clk 0:07:55]}  Kg7 {[%clk 0:00:53]} 32. Rb1 {[%clk 0:05:46]}  Bb4 {[%clk 0:01:07]} 33. Bc4 {[%clk 0:04:19]}  a5 {[%clk 0:01:26]} 34. b3 {[%clk 0:04:36]}  Bc3 {[%clk 0:01:45]} 35. Ba3 {[%clk 0:04:45]}  Qg5 {[%clk 0:01:09]} 36. Bb2 {[%clk 0:03:40]}  Bxb2 {[%clk 0:00:42]} 37. Rxb2 {[%clk 0:03:40]}  Ne5 {[%clk 0:00:49]} 38. Qe4 {[%clk 0:03:13]}  Ree7 {[%clk 0:00:49]} 39. Rbf2 {[%clk 0:02:44]}  Ng4 {[%clk 0:00:59]} 40. Qd4+ {[%clk 0:02:50]}  f6 {[%clk 0:01:15]} 41. Rf5 {[%clk 0:28:55]}  Qg6 {[%clk 0:30:58]} 42. Qf4 {[%clk 0:22:37]}  Re5 {[%clk 0:21:22]} 43. Rxe5 {[%clk 0:21:20]}  Nxe5 {[%clk 0:21:33]} 44. d4 {[%clk 0:19:46]}  Nc6 {[%clk 0:19:27]} 45. Bd3 {[%clk 0:19:44]}  Qg5 {[%clk 0:19:14]} 46. Qe4 {[%clk 0:19:54]}  Ne7 {[%clk 0:18:10]} 47. Qxh7+ {[%clk 0:20:12]}  Kf8 {[%clk 0:18:35]} 48. Qh8+ {[%clk 0:17:06]}  Ng8 {[%clk 0:18:42]} 49. Bc4 {[%clk 0:17:20]} 1-0